00713nam a22001817a 4500003000900000008004100009040007100050082001800121100002300139245004300162260003500205300002800240440003200268505016600300650002600466650001300492650002600505AR-CdUCM190306b ||||| |||| 00| 0 spa d aMUNICIPALIDAD PROVINCIAL DEL CUSCOcBIBLIOTECA MUNICIPAL DEL CUSCO a379.07 /bL99 aLuzuriaga, Lorenzo aHistoria de la educación pública / aBuenos Aires :bLosada,c1946. a247 páginas ;c19 cm. aBiblioteca del maestro.n17 aContenido: La educación pública religiosa -- La educación pública estatal -- La educación pública nacional -- La educación pública democrática. aEducación comparada aHistoria aEducación pública